=LDR 00000nam 2200000 4500 =001 INLIS000000000035290 =005 20130612141148 =008 ***********************************ind** =035 ##$$a0010-061300000035290 =041 ##$$a ind =082 ##$$a 550.723 =090 ##$$a 550.723, Mar,s =100 ##$$a Martha, Sukindra =245 ##$$a 101 Hal Yang Perlu Anda Tahu Tentang Surveyor Pemetaan, Sukendra Martha =260 ##$$a 2007 $b Jakarta =300 ##$$a xiii,138 hlm., Illus., 21 cm =650 ##$$a Ecologi - Survei =850 ##$$a NBPNMAT =990 ##$$a 0001/BPAP-NTB/20142014